00932 2200337 4500001002100000005001500021035002000036007000300056040001700059100003300076245006400109250001200173300003400185504002400219020002200243041000800265082001100273084001700284090002000301264004100321336002100362337003000383338002300413500002700436650001100463850001000474008004100484990002300525990002300548990002300571INLIS00000000000816120260529080924 a0010-0922000650ta aSBPUPADbind0 aDanang KusjuliadiePengarang1 aMengatasi Kerusakan Rumah Tanpa Tukang /cDanang Kusjuliadi a.-cet.1 a91 hlm :bilus. ;c19 x 22 cm aBibliografi, hlm 90 a978-979-26-3648-207aind a701.15 a701.15 DAN m a702 AMI a L22-6 a.--Jakarta :bPenebar Swadaya,c2007 2rdacontentateks 2rdamediaatanpa perantara 2rdacarrieravolume aTentang Penulis,hlm 91 4aKreasi aPUPAD260529 0  a7377/BR/ARPUS/2008 a7376/BR/ARPUS/2008 a7375/BR/ARPUS/2008